LEADER 02713oas 2201117 a 450 001 9910131798403321 005 20260202213012.0 011 $a1937-2108 035 $a(DE-599)ZDB2065762-6 035 $a(DE-599)2065762-6 035 $a(OCoLC)38364090 035 $a(CONSER) 2006236965 035 $a(CKB)954925375841 035 $a(EXLCZ)99954925375841 100 $a19980206a19679999 uy a 101 0 $aeng 135 $aur||||||||||| 181 $ctxt$2rdacontent 182 $cc$2rdamedia 183 $acr$2rdacarrier 200 10$aAfrican arts =$eArts d'Afrique 210 $aLos Angeles $cAfrican Studies Center, University of California, Los Angeles$dİ1967- 300 $aRefereed/Peer-reviewed 300 $aA quarterly devoted to the graphic, plastic, performing, and literary arts of Africa. 300 $aPublished by: University of California, Los Angeles, 1979- 311 08$a0001-9933 517 1 $aArts d'Afrique 606 $aArts$zAfrica$vPeriodicals 606 $aArt africain$vPe?riodiques 606 $aArts$2fast$3(OCoLC)fst00817721 606 $aArt, African$vPeriodicals$2nli 607 $aAfrica$2fast$1https://id.oclc.org/worldcat/entity/E39PBJkHrMyfHC67yqRTycbrv3 608 $aperiodicals.$2aat 608 $aPeriodicals.$2fast 608 $aPeriodicals.$2lcgft 608 $aPe?riodiques.$2rvmgf 615 0$aArts 615 6$aArt africain 615 7$aArts. 615 7$aArt, African 676 $a709.6 712 02$aUniversity of California, Los Angeles.$bAfrican Studies Center. 801 0$bFGA 801 1$bFGA 801 2$bOCL 801 2$bOCLCQ 801 2$bCUS 801 2$bOCLCQ 801 2$bTXU 801 2$bBUF 801 2$bOCLCQ 801 2$bEYM 801 2$bHUL 801 2$bNSD 801 2$bMUQ 801 2$bOCLCQ 801 2$bTXA 801 2$bSERSO 801 2$bOCLCQ 801 2$bOCLCO 801 2$bBUF 801 2$bOCLCF 801 2$bOCLCO 801 2$bOCLCQ 801 2$bOCLCE 801 2$bDEBBG 801 2$bWT2 801 2$bOCLCQ 801 2$bWYU 801 2$bVT2 801 2$bSFB 801 2$bOCLCQ 801 2$bSRU 801 2$bMUX 801 2$bLND 801 2$bGILDS 801 2$bADU 801 2$bUAB 801 2$bXFH 801 2$bFIE 801 2$bS2H 801 2$bCNNGC 801 2$bOCLCO 801 2$bOCLCQ 801 2$bOCLCO 801 2$bQGK 801 2$bOCLCQ 801 2$bOCLCL 801 2$bAU@ 801 2$bU3W 801 2$bOCLCQ 801 2$bDLC 906 $aJOURNAL 912 $a9910131798403321 996 $aAfrican arts$91325911 997 $aUNINA